00858 2200301 4500001002100000005001500021035002000036007000300056008004100059040001700100100002600117245008900143250000900232300003600241020002200277041000800299082001400307084002000321090002000341260003300361600002000394700003200414850001000446990002500456990002500481990002500506990002500531INLIS00000000000176320260603110228 a0010-0120000206ta260603 1  aSBPUPADbind0 aWinkanda Satria Putra1 aSeri Cerita Dongeng Dunia :bKumpulan Dongeng Negeri Brasil /cWinkanda Satria Putra aEd.1 aviii, 52 hlm. :bilus. ;c23 cm a978-979-29-5009-0 aind a398.23.81 a398.23.81 WIN s a297.3 HAY m 4-2 aYogyakarta :bRainbow,c2014 4aChildren's Book0 aEditor: Sisilia Triana Dewi aPUPAD a31.357/APBD/DPK/2019 a31.358/APBD/DPK/2019 a31.360/APBD/DPK/2019 a31.359/APBD/DPK/2019